|
|
|
|
| LEADER |
00000nam0a2200000 4500 |
| 001 |
32859 |
| 005 |
20231030205457.0 |
| 035 |
|
|
|a (RuTPU)RU\TPU\book\33162
|
| 035 |
|
|
|a BOOK00001256
|
| 090 |
|
|
|a 32859
|
| 100 |
|
|
|a 20011210d1983 k y0rusy50 ca
|
| 101 |
0 |
|
|a rus
|
| 102 |
|
|
|a RU
|
| 105 |
|
|
|a a z 001zy
|
| 200 |
1 |
|
|a Глаз и свет
|f А. В. Луизов
|
| 210 |
|
|
|a Ленинград
|c Энергоатомиздат
|d 1983
|
| 215 |
|
|
|a 144 с.
|c ил.
|
| 320 |
|
|
|a Библиогр.: с. 135-137.
|
| 610 |
1 |
|
|a оптика
|
| 610 |
1 |
|
|a зрение
|
| 610 |
1 |
|
|a аметропия
|
| 610 |
1 |
|
|a коррекция зрения
|
| 610 |
1 |
|
|a сетчатка
|
| 610 |
1 |
|
|a световая чувствительность
|
| 610 |
1 |
|
|a адаптация
|
| 610 |
1 |
|
|a зрительная информация
|
| 610 |
1 |
|
|a кодирование зрения
|
| 610 |
1 |
|
|a стробоскоп
|
| 610 |
1 |
|
|a пороговые условия
|
| 610 |
1 |
|
|a свет
|
| 610 |
1 |
|
|a цвет
|
| 610 |
1 |
|
|a зрительный комфорт
|
| 610 |
1 |
|
|a освещение
|
| 610 |
1 |
|
|a работа
|
| 675 |
|
|
|a 535.3
|v 3
|
| 675 |
|
|
|a 612.8
|v 3
|
| 700 |
|
1 |
|a Луизов
|b А. В.
|g Андрей Владимирович
|
| 801 |
|
0 |
|a RU
|b 63413507
|c 20011210
|g PSBO
|
| 801 |
|
2 |
|a RU
|b 63413507
|c 20110518
|g PSBO
|
| 942 |
|
|
|c BK
|